Library Banner

Perfect memory training (Record no. 43035)

MARC details
000 -LEADER
fixed length control field 00450nam a2200181Ia 4500
001 - CONTROL NUMBER
control field 45064
008 - FIXED-LENGTH DATA ELEMENTS--GENERAL INFORMATION
fixed length control field 140428s9999 xx 000 0 und d
020 ## - INTERNATIONAL STANDARD BOOK NUMBER
International Standard Book Number 9781847945365
040 ## - CATALOGING SOURCE
Transcribing agency PK-LaUMT
082 ## - DEWEY DECIMAL CLASSIFICATION NUMBER
Classification number 153.12
Item number MCP-P
100 ## - MAIN ENTRY--PERSONAL NAME
Personal name McPherson, Fiona
245 ## - TITLE STATEMENT
Title Perfect memory training
Statement of responsibility, etc McPherson, Fiona
260 ## - PUBLICATION, DISTRIBUTION, ETC. (IMPRINT)
Place of publication, distribution, etc London,UK:
Name of publisher, distributor, etc Random House Business Books,
Date of publication, distribution, etc 2009
300 ## - PHYSICAL DESCRIPTION
Extent 193 p.
546 ## - LANGUAGE NOTE
Language note EN
650 ## - SUBJECT ADDED ENTRY--TOPICAL TERM
Topical term or geographic name as entry element Memory
942 ## - ADDED ENTRY ELEMENTS (KOHA)
Koha item type Books
Holdings
Withdrawn status Lost status Damaged status Not for loan Home library Current library Date acquired Total Checkouts Full call number Barcode Checked out Date last seen Date checked out Price effective from Koha item type
        UMT Main Campus UMT Main Campus 2014-04-28 6 153.12 MCP-P 48781 2025-12-09 2025-11-25 2025-11-25 2014-05-06 Books